000 00968nam a22003497a 4500
001 BR7705495
003 BR-BrBNA
005 20230928085445.0
007 ta
008 230509b bl.||||| |||| 00| 0 por d
040 _aBR-BrBNA
_bpor
_cBiblioteca Nacional de Agricultura
041 _a(Por)
072 _aF00
_b0210
_b1410
_b1540
090 _ 0210 BR7705495
110 1 _aFundacao Educacional Padre Landell de Moura, Porto Alegre, RS (Brasil)
_94881
245 1 _aManual da cultura da batatinha, feijao e mandioca [pratica cultural]
_bTelepromocao rural
260 3 _aPorto Alegre, RS (Brasil):
_c1977.
300 _a67 p.
650 _aBATATA
650 _aFEIJAO
650 _aMANDIOCA
650 _aSOLO
650 _aCLIMA
650 _aADUBACAO
650 _aPLANTIO
650 _aROTACAO DE CULTURA
650 _aDEFESA VEGETAL
650 _aCOLHEITA
650 _aARMAZENAMENTO
909 _a202309
_bLucia
_c55
_dLucia Elande
942 _cBK
999 _c24529
_d24529